[Event "Bhubaneswar Pillai Memorial"]
[Site "Bhubaneswar"]
[Date "2016.11.24"]
[Round "10"]
[White "Bipin, Mallick"]
[Black "Moharana, Manas Ranjan"]
[Result "0-1"]
[WhiteElo "1242"]
[BlackElo "1656"]
[PlyCount "46"]
[EventDate "2016.11.20"]
[EventType "swiss"]
[EventRounds "11"]
[EventCountry "IND"]
[SourceTitle "CBM 175 Extra"]
[Source "ChessBase"]
[SourceDate "2016.12.12"]
[SourceVersion "1"]
[SourceVersionDate "2016.12.12"]
[SourceQuality "1"]

1. d4 Nf6 2. c4 g6 3. Nc3 d6 4. e4 Bg7 5. Nf3 Nbd7 6. Bd3 c6 7. 0-0 0-0 8. Be3 Qc7 9. h3 h6 10. Qd2 Kh7 11. Rac1 e5 12. b4 a5 13. d5 Qd8 14. a3 axb4 15. axb4 cxd5 16. Nxd5 Nxd5 17. cxd5 Qe7 18. Rc2 f5 19. Kh1 fxe4 20. Bxe4 Nf6 21. Rc4 b5 22. Qc2 bxc4 23. Bxg6+ Kh8 0-1

[Event "Bhubaneswar Pillai Memorial"]
[Site "Bhubaneswar"]
[Date "2016.11.23"]
[Round "7"]
[White "Moharana, Manas Ranjan"]
[Black "Kadraka, Jogendra"]
[Result "1-0"]
[WhiteElo "1656"]
[BlackElo "1143"]
[PlyCount "57"]
[EventDate "2016.11.20"]
[EventType "swiss"]
[EventRounds "11"]
[EventCountry "IND"]
[SourceTitle "CBM 175 Extra"]
[Source "ChessBase"]
[SourceDate "2016.12.12"]
[SourceVersion "1"]
[SourceVersionDate "2016.12.12"]
[SourceQuality "1"]

1. Nf3 Nf6 2. c3 d5 3. g3 g6 4. Bg2 Bg7 5. 0-0 0-0 6. d3 Bf5 7. Nbd2 Nbd7 8. Qc2 c6 9. e4 Be6 10. Ng5 Qb6 11. Re1 h6 12. Nxe6 fxe6 13. exd5 Nxd5 14. Nc4 Qc7 15. Rxe6 Rf6 16. Re2 b5 17. Ne3 Nxe3 18. Bxe3 Raf8 19. Bd4 e5 20. Be3 Qd6 21. Qd2 g5 22. Rd1 a5 23. d4 Qe6 24. d5 Qd6 25. dxc6 Qxd2 26. Rdxd2 Nb8 27. c7 Nc6 28. Rd7 Kh7 29. Red2 1-0

[Event "Bhubaneswar Pillai Memorial"]
[Site "Bhubaneswar"]
[Date "2016.11.22"]
[Round "6"]
[White "Khillo, Purna"]
[Black "Moharana, Manas Ranjan"]
[Result "1-0"]
[WhiteElo "1418"]
[BlackElo "1656"]
[PlyCount "99"]
[EventDate "2016.11.20"]
[EventType "swiss"]
[EventRounds "11"]
[EventCountry "IND"]
[SourceTitle "CBM 175 Extra"]
[Source "ChessBase"]
[SourceDate "2016.12.12"]
[SourceVersion "1"]
[SourceVersionDate "2016.12.12"]
[SourceQuality "1"]

1. d4 Nf6 2. Nf3 d5 3. Bf4 e6 4. e3 Be7 5. Bd3 0-0 6. 0-0 b6 7. Nbd2 Bb7 8. Ne5 Nbd7 9. Ndf3 c5 10. c3 Ne4 11. Bb5 Nxe5 12. Nxe5 Rc8 13. Bd7 Ra8 14. h3 Bd6 15. Bb5 a6 16. Ba4 b5 17. Bc2 Qc7 18. Qg4 Rae8 19. f3 f5 20. Qh4 Nf6 21. Rac1 Nd7 22. Nxd7 Qxd7 23. Bxd6 Qxd6 24. dxc5 Qxc5 25. Qd4 Qc4 26. Qxc4 dxc4 27. Rfd1 Rd8 28. Rxd8 Rxd8 29. Rd1 Rxd1+ 30. Bxd1 Kf8 31. Kf2 e5 32. Bc2 Bc8 33. f4 Ke7 34. Kf3 e4+ 35. Kg3 h6 36. Kh4 g6 37. g4 Kd6 38. gxf5 Bxf5 39. Kg3 Kc5 40. a3 a5 41. b4+ cxb3 42. Bxb3 a4 43. Bf7 Kd6 44. Be8 Kc5 45. Bf7 Kc6 46. h4 Kd6 47. h5 g5 48. fxg5 hxg5 49. Bg6 Ke5 50. Be8 1-0

[Event "Bhubaneswar Pillai Memorial"]
[Site "Bhubaneswar"]
[Date "2016.11.21"]
[Round "4"]
[White "Moharana, Manas Ranjan"]
[Black "Dharanidhar, S."]
[Result "1-0"]
[WhiteElo "1656"]
[BlackElo "1291"]
[PlyCount "67"]
[EventDate "2016.11.20"]
[EventType "swiss"]
[EventRounds "11"]
[EventCountry "IND"]
[SourceTitle "CBM 175 Extra"]
[Source "ChessBase"]
[SourceDate "2016.12.12"]
[SourceVersion "1"]
[SourceVersionDate "2016.12.12"]
[SourceQuality "1"]

1. e4 c5 2. Nf3 Nc6 3. c3 d6 4. d4 Bg4 5. d5 Ne5 6. Nxe5 dxe5 7. Qxg4 a6 8. c4 Nf6 9. Qf3 h6 10. Nc3 g6 11. Bd3 Bg7 12. Be3 Rc8 13. Rb1 0-0 14. 0-0 e6 15. Rfc1 b6 16. b4 exd5 17. Nxd5 Nxd5 18. exd5 f5 19. Qh3 Kh7 20. bxc5 bxc5 21. f3 Qe7 22. Rb6 Rf6 23. Rcb1 e4 24. fxe4 fxe4 25. Rxf6 exd3 26. Re6 Qf7 27. Qf3 Qxf3 28. gxf3 Bd4 29. Kf2 Rf8 30. Rb7+ Kh8 31. Ree7 d2 32. Bxd4+ cxd4 33. Rh7+ Kg8 34. Rbg7# 1-0